<?xml version="1.0" encoding="UTF-8"?><?xml-stylesheet type="text/xsl" href="static/style.xsl"?><OAI-PMH xmlns="http://www.openarchives.org/OAI/2.0/" xmlns:xsi="http://www.w3.org/2001/XMLSchema-instance" xsi:schemaLocation="http://www.openarchives.org/OAI/2.0/ http://www.openarchives.org/OAI/2.0/OAI-PMH.xsd"><responseDate>2026-04-17T11:32:20Z</responseDate><request verb="GetRecord" identifier="oai:riubu.ubu.es:10259/4814" metadataPrefix="marc">https://riubu.ubu.es/oai/request</request><GetRecord><record><header><identifier>oai:riubu.ubu.es:10259/4814</identifier><datestamp>2022-04-29T12:02:45Z</datestamp><setSpec>com_10259_4219</setSpec><setSpec>com_10259_5086</setSpec><setSpec>com_10259_2604</setSpec><setSpec>col_10259_4220</setSpec></header><metadata><record xmlns="http://www.loc.gov/MARC21/slim" xmlns:doc="http://www.lyncode.com/xoai" xmlns:xsi="http://www.w3.org/2001/XMLSchema-instance" xmlns:dcterms="http://purl.org/dc/terms/" xsi:schemaLocation="http://www.loc.gov/MARC21/slim http://www.loc.gov/standards/marcxml/schema/MARC21slim.xsd">
<leader>00925njm 22002777a 4500</leader>
<datafield tag="042" ind1=" " ind2=" ">
<subfield code="a">dc</subfield>
</datafield>
<datafield tag="720" ind1=" " ind2=" ">
<subfield code="a">Kuncheva, Ludmila I. .</subfield>
<subfield code="e">author</subfield>
</datafield>
<datafield tag="720" ind1=" " ind2=" ">
<subfield code="a">Rodríguez Diez, Juan José</subfield>
<subfield code="e">author</subfield>
</datafield>
<datafield tag="260" ind1=" " ind2=" ">
<subfield code="c">2018-09</subfield>
</datafield>
<datafield tag="520" ind1=" " ind2=" ">
<subfield code="a">High-dimensional data with very few instances are typical in many application domains. Selecting a highly discriminative subset of the original features is often the main interest of the end user. The widely-used feature selection protocol for such type of data consists of two steps. First, features are selected from the data (possibly through cross-validation), and, second, a cross-validation protocol is applied to test a classifier using the selected features. The selected feature set and the testing accuracy are then returned to the user. For the lack of a better option, the same low-sample-size dataset is used in both steps. Questioning the validity of this protocol, we carried out an experiment using 24 high-dimensional datasets, three feature selection methods and five classifier models. We found that the accuracy returned by the above protocol is heavily biased, and therefore propose an alternative protocol which avoids the contamination by including both steps in a single cross-validation loop. Statistical tests verify that the classification accuracy returned by the proper protocol is significantly closer to the true accuracy (estimated from an independent testing set) compared to that returned by the currently favoured protocol.</subfield>
</datafield>
<datafield tag="024" ind2=" " ind1="8">
<subfield code="a">0031-3203</subfield>
</datafield>
<datafield tag="024" ind2=" " ind1="8">
<subfield code="a">http://hdl.handle.net/10259/4814</subfield>
</datafield>
<datafield tag="024" ind2=" " ind1="8">
<subfield code="a">10.1016/j.patcog.2018.03.012</subfield>
</datafield>
<datafield ind1=" " ind2=" " tag="653">
<subfield code="a">Feature selection</subfield>
</datafield>
<datafield ind1=" " ind2=" " tag="653">
<subfield code="a">Wide datasets</subfield>
</datafield>
<datafield ind1=" " ind2=" " tag="653">
<subfield code="a">Experimental protoco</subfield>
</datafield>
<datafield ind1=" " ind2=" " tag="653">
<subfield code="a">Training/testing</subfield>
</datafield>
<datafield ind1=" " ind2=" " tag="653">
<subfield code="a">Cross-validation</subfield>
</datafield>
<datafield tag="245" ind1="0" ind2="0">
<subfield code="a">On feature selection protocols for very low-sample-size data</subfield>
</datafield>
</record></metadata></record></GetRecord></OAI-PMH>